00448nam a22001937a 450000500170000001000130001702000100003003500130004003700160005304000120006908200130008110000180009424500500011226000190016227000110018130000320019265000170022465000130024120170124110250.0 aB-026264 c00.00 aB-026264 bCen Lib/Ret aDPLbEN a510bRAV aRavi Prakash  aMathematics for class xii /cby Ravi Prakash  a[s.l.]c[s.n.] b[s.l.] avarious pagings c21cm(Hb) aMathematics  aAlgebra